Pb︢lico y Privado en la gestin̤ de los servicios pb︢licos reestructuracin̤, externalizacin̤ y reversin̤ a la Administracin̤ /

Bibliographic Details
Main Author: Castillo Blanco, Federico A.
Other Authors: Vila Tierno, Francisco
Format: eBook
Language:Spanish
Published: Madrid: Instituto Nacional de Administracin̤ Pb︢lica (INAP), 2019
Subjects:
Online Access:Acceso restringido

MARC

LEADER 00000nam a22000007a 4500
005 20191114220317.0
007 cr|||| ||||
008 191114s2019 es |||||s|||| 00||0 spa d
020 |a 978-84-7351-684-6 
035 |a 30642 
040 |a vLex 
090 |c 10014  |d 10014 
100 1 |a Castillo Blanco, Federico A. 
245 1 0 |a Pb︢lico y Privado en la gestin̤ de los servicios pb︢licos  |h [Recurso electrn̤ico] :  |b reestructuracin̤, externalizacin̤ y reversin̤ a la Administracin̤ /  |c Federico A. Castillo Blanco, Francisco Vila Tierno 
256 |a Servicio en ln̕ea 
260 |a Madrid:  |b Instituto Nacional de Administracin̤ Pb︢lica (INAP),  |c 2019 
300 |a 1 recurso electrn̤ico 
506 1 |a Disponible solo en los productos indicados  |d vLex Global  |d vLex Global (Academic Edition, excluding Law Schools)  |d vLex Global (U.S. Academic Edition, Law Schools)  |d vLex Global (U.S. Academic Edition, excluding Law Schools)  |d vLex Global (Academic Edition, Law Schools) 
650 0 4 |a Derecho Pb︢lico y Administrativo  |z Espaą 
700 1 |a Vila Tierno, Francisco 
740 0 |a vLex Libros (Servicio en ln̕ea) 
856 4 0 |u http://vlex.com/source/publico-privado-gestion-servicios-publicos-30642  |z Acceso restringido 
942 |c BOOK 
999 0 |a Public and Administrative Law